Ars poética (Record no. 172737)

MARC details
000 -LEADER
campo de control de longitud fija 00803nam a2200217 i 4500
001 - NÚMERO DE CONTROL
campo de control 172737
003 - IDENTIFICADOR DE NÚMERO DE CONTROL
campo de control ES-MaACL
005 - FECHA Y HORA DE LA ÚLTIMA TRANSACCIÓN
campo de control 20230906215025.0
008 - DATOS DE LONGITUD FIJA--INFORMACIÓN GENERAL
campo de control de longitud fija 090907s2008 sp |||| | spa d
080 ## - NÚMERO DE LA CLASIFICACIÓN DECIMAL UNIVERSAL
Número de la Clasificación Decimal Universal 321.134.2-32"19"
100 1# - ENTRADA PRINCIPAL--NOMBRE DE PERSONA
Nombre de persona Esquivias, Óscar.
9 (RLIN) 225274
245 10 - MENCIÓN DEL TÍTULO
Título Ars poética
Resto del título ; seguido de Maternidad y La reina del puré : relatos pertenecientes a "La marca de Creta" /
Mención de responsabilidad, etc. Óscar Esquivias.
260 ## - PUBLICACIÓN, DISTRIBUCIÓN, ETC.
Lugar de publicación, distribución, etc. Molina de Segura (Murcia) :
Nombre del editor, distribuidor, etc. Ayuntamiento de Molina de Segura, Concejalía de Cultura y Festejos,
Fecha de publicación, distribución, etc. [2008]
300 ## - DESCRIPCIÓN FÍSICA
Extensión [12] p. ;
Dimensiones 22 cm.
586 8# - NOTA DE PREMIOS
Nota de premios V Premio Setenil, 2008
710 1# - ENTRADA AGREGADA--NOMBRE DE ENTIDAD CORPORATIVA
Nombre de entidad corporativa o nombre de jurisdicción como elemento de entrada Molina de Segura.
Unidad subordinada Concejalía de Cultura y Festejos.
9 (RLIN) 149745
740 02 - ENTRADA AGREGADA--TÍTULO RELACIONADO/ANALÍTICO NO CONTROLADO
Título relacionado o analítico no controlado Maternidad.
740 32 - ENTRADA AGREGADA--TÍTULO RELACIONADO/ANALÍTICO NO CONTROLADO
Título relacionado o analítico no controlado La reina del puré.
852 ## - LOCALIZACIÓN
Ubicación ES-MaACL
Número de control de estantería 2298-F-18
Holdings
Estatus retirado Estado de pérdida Estado de daño No para préstamo Colección Biblioteca de origen Biblioteca actual Ubicación en estantería Fecha de adquisición Fuente de adquisición Total de préstamos Signatura topográfica completa Código de barras Visto por última vez Precio de reemplazo Tipo de ítem Koha
        Colección de folletos Biblioteca del Ateneo de Madrid Biblioteca del Ateneo de Madrid Depósito folletos 09/09/2009     2298-F-18 1181329 23/02/2023 23/02/2023 Folleto